| 000 | 01311nam a22003377a 4500 | ||
|---|---|---|---|
| 999 |
_c22561 _d22561 |
||
| 001 | 3068114 | ||
| 003 | BDDh-ASL | ||
| 005 | 20231015030136.0 | ||
| 007 | hduafb---bacp | ||
| 007 | hdubfb---baap | ||
| 008 | 970904s1949 enkab a 000 0 eng | ||
| 010 | _a 96911277 | ||
| 025 | _aNBIL-08287 | ||
| 040 |
_aDLC _cDLC _dBDDh-ASL |
||
| 042 | _alcode | ||
| 043 | _aa-ii--- | ||
| 050 | 0 | 0 | _aMicrofilm BUL-ENG-453 (G) |
| 082 |
_a954 _bMCL |
||
| 100 | 1 |
_aMcCall, A. G. _q(Anthony Gilchrist) |
|
| 245 | 1 | 0 |
_aLushai chrysalis / _cby Anthony Gilchrist McCall ; with a foreword by Sir Keith Cantlie. |
| 260 |
_aLondon : _bLuzac & Co., _c1949. |
||
| 300 |
_a320 p. : _bill., map ; _c21 cm. |
||
| 520 | _aAnthropological account of the people of Lushai Hills of Assam. | ||
| 533 |
_aMicrofilm. _bNew Delhi : _cLibrary of Congress Office ; _bChicago : _cAvailable from Center for Research Libraries, _d1996. _eOn 1 microfilm reel with other items ; 35 mm. _f(SAMP early 20th-century Indian books project ; item 08287) _nMaster microform held by: ICRL. |
||
| 650 | 0 |
_aAnthropology _zIndia _zAssam. |
|
| 650 | 0 |
_aEthnology _zIndia _zAssam. |
|
| 830 | 0 |
_aSAMP early 20th-century Indian books project ; _vitem 08287. |
|
| 906 |
_a7 _bcbc _corigode _d5 _encip _f19 _gy-genmicro |
||
| 942 |
_2ddc _cBK |
||